Words That End In -AGE - Statistics

General Stats
  • This quiz has been taken 24 times
  • The average score is 13 of 86
Answer Stats
Answers % Correct
cage
73%
age
68%
stage
64%
rage
59%
sage
59%
wage
59%
page
50%
gage
41%
manage
36%
bandage
32%
damage
32%
mirage
32%
baggage
27%
garage
27%
massage
27%
mileage
27%
bondage
23%
cabbage
23%
carnage
23%
carriage
23%
image
23%
lineage
23%
pillage
23%
ravage
23%
barrage
18%
cottage
18%
courage
18%
engage
18%
enrage
18%
forage
18%
homage
18%
marriage
18%
village
18%
heritage
14%
mortgage
14%
plumage
14%
savage
14%
storage
14%
triage
14%
usage
14%
vintage
14%
voltage
14%
average
9%
encourage
9%
foliage
9%
leverage
9%
package
9%
passage
9%
pilgrimage
9%
postage
9%
rummage
9%
sewage
9%
shortage
9%
beverage
5%
discourage
5%
disparage
5%
hemorrhage
5%
hostage
5%
language
5%
nonage
5%
orphanage
5%
percentage
5%
salvage
5%
scrimmage
5%
voyage
5%
wreckage
5%
advantage
0%
brokerage
0%
cartilage
0%
corsage
0%
coverage
0%
dosage
0%
drainage
0%
entourage
0%
espionage
0%
fuselage
0%
jockage
0%
keyage
0%
patronage
0%
pupilage
0%
sabotage
0%
sausage
0%
seepage
0%
sufferage
0%
tutelage
0%
umbrage
0%
No matching quizzes found
Score Distribution
Percent of People with Each Score
Percentile by Number Answered
Your Score History
You have not taken this quiz